Thinking strategically in turbulent times (Record no. 230877)
[ view plain ]
| 000 -LEADER | |
|---|---|
| fixed length control field | 01844nam a22003974a 4500 |
| 001 - CONTROL NUMBER | |
| control field | ebr10178076 |
| 003 - CONTROL NUMBER IDENTIFIER | |
| control field | CaPaEBR |
| 005 - DATE AND TIME OF LATEST TRANSACTION | |
| control field | 20250826234810.0 |
| 006 - FIXED-LENGTH DATA ELEMENTS--ADDITIONAL MATERIAL CHARACTERISTICS--GENERAL INFORMATION | |
| fixed length control field | m u |
| 007 - PHYSICAL DESCRIPTION FIXED FIELD--GENERAL INFORMATION | |
| fixed length control field | cr cn||||||||| |
| 008 - FIXED-LENGTH DATA ELEMENTS--GENERAL INFORMATION | |
| fixed length control field | 050418s2005 nyua sb 001 0 eng |
| 010 ## - LIBRARY OF CONGRESS CONTROL NUMBER | |
| Canceled/invalid LC control number | 2005007421 |
| 020 ## - INTERNATIONAL STANDARD BOOK NUMBER | |
| Cancelled/invalid ISBN | 0765612518 (cloth : alk. paper) |
| 040 ## - CATALOGING SOURCE | |
| Original cataloging agency | CaPaEBR |
| Transcribing agency | CaPaEBR |
| 035 ## - SYSTEM CONTROL NUMBER | |
| System control number | (OCoLC)191662091 |
| 050 14 - LIBRARY OF CONGRESS CALL NUMBER | |
| Classification number | HD30.28 |
| Item number | .G58 2005eb |
| 082 04 - DEWEY DECIMAL CLASSIFICATION NUMBER | |
| Classification number | 658.4/012 |
| Edition number | 22 |
| 100 1# - MAIN ENTRY--PERSONAL NAME | |
| Personal name | Glassman, Alan M. |
| 9 (RLIN) | 146774 |
| 245 10 - TITLE STATEMENT | |
| Title | Thinking strategically in turbulent times |
| Medium | [electronic resource] : |
| Remainder of title | an inside view of strategy making / |
| Statement of responsibility, etc | Alan M. Glassman, Deone Zell, and Shari Duron ; foreword by Barry Z. Posner. |
| 260 ## - PUBLICATION, DISTRIBUTION, ETC. (IMPRINT) | |
| Place of publication, distribution, etc | Armonk, N.Y. : |
| Name of publisher, distributor, etc | M.E. Sharpe, |
| Date of publication, distribution, etc | c2005. |
| 300 ## - PHYSICAL DESCRIPTION | |
| Extent | xiii, 170 p. : |
| Other physical details | ill. |
| 504 ## - BIBLIOGRAPHY, ETC. NOTE | |
| Bibliography, etc | Includes bibliographical references (p. 159-161) and index. |
| 505 0# - FORMATTED CONTENTS NOTE | |
| Formatted contents note | The contextual framework -- Thinking strategically at Hewlett-Packard -- Thinking strategically in Los Angeles County -- Thinking strategically at the California State University -- When sectors collide. |
| 533 ## - REPRODUCTION NOTE | |
| Type of reproduction | Electronic reproduction. |
| Place of reproduction | Palo Alto, Calif. : |
| Agency responsible for reproduction | ebrary, |
| Date of reproduction | 2013. |
| Note about reproduction | Available via World Wide Web. |
| -- | Access may be limited to ebrary affiliated libraries. |
| 610 20 - SUBJECT ADDED ENTRY--CORPORATE NAME | |
| Corporate name or jurisdiction name as entry element | Hewlett-Packard Company |
| General subdivision | Planning. |
| 9 (RLIN) | 146775 |
| 610 20 - SUBJECT ADDED ENTRY--CORPORATE NAME | |
| Corporate name or jurisdiction name as entry element | California State University |
| General subdivision | Planning. |
| 9 (RLIN) | 146776 |
| 650 #0 - SUBJECT ADDED ENTRY--TOPICAL TERM | |
| Topical term or geographic name as entry element | Strategic planning. |
| 650 #0 - SUBJECT ADDED ENTRY--TOPICAL TERM | |
| Topical term or geographic name as entry element | Business planning. |
| 9 (RLIN) | 14119 |
| 651 #0 - SUBJECT ADDED ENTRY--GEOGRAPHIC NAME | |
| Geographic name | Los Angeles County (Calif.) |
| General subdivision | Politics and government. |
| 9 (RLIN) | 146777 |
| 655 #7 - INDEX TERM--GENRE/FORM | |
| Genre/form data or focus term | Electronic books. |
| Source of term | local |
| 9 (RLIN) | 190 |
| 700 1# - ADDED ENTRY--PERSONAL NAME | |
| Personal name | Zell, Deone. |
| 9 (RLIN) | 146778 |
| 700 1# - ADDED ENTRY--PERSONAL NAME | |
| Personal name | Duron, Shari, |
| Dates associated with a name | 1945- |
| 9 (RLIN) | 146779 |
| 710 2# - ADDED ENTRY--CORPORATE NAME | |
| Corporate name or jurisdiction name as entry element | ebrary, Inc. |
| 9 (RLIN) | 191 |
| 856 40 - ELECTRONIC LOCATION AND ACCESS | |
| Uniform Resource Identifier | <a href="http://site.ebrary.com/lib/strathmore/Doc?id=10178076">http://site.ebrary.com/lib/strathmore/Doc?id=10178076</a> |
| Public note | An electronic book accessible through the World Wide Web; click to view |
| 942 ## - ADDED ENTRY ELEMENTS (KOHA) | |
| Koha item type | E-Book |
No items available.